000 00680nam a22002057a 4500
005 2010081607207.0
010 _aENG-100224
020 _a9788186685594
_c395.00
035 _aEN-83756
037 _bDBAD/PUB
082 _a230.3
100 _aSadhguru
_914162
245 _aMystic's musings /
_cby Sadhguru
260 _aNew Delhi
_bWisdom tree
_c2004
270 _aC-209/1, Mayapuri II,
_bNew Delhi
_e110064
300 _aviii, 513p.
_bill.
_c18cm (pbk)
500 _aIncludes index
942 _2ddc
_cEN
_h230.3
_mSAD
999 _c42184
_d42184